00771nai a2200193Ia 4500003000900000008004100009022002200050022002300072040001600095245004800111260008600159310001300245362002600258521006900284650005800353650003000411650004600441856009000487IN-BaIIA211028c9999 xx s 000 0 eng d a1520-9210 (Print) a1941-0077 (Online) cIIA Library 0aIEEE Transactions on Multimediah[eJournal] aNew York, USAbThe Institute of Electrical and Electronics Engineers, Inc. (IEEE) aAnnually a1(1); 1999 - Present  bSubscribed through National Knowledge Resource Consortium (NKRC) a Communication, Networking and Broadcast Technologies a Computing and Processing aComponents, Circuits, Devices and Systems uhttps://ieeexplore.ieee.org/servlet/opac?punumber=6046yClick Here to Access eJournal